Ozono atmosferico [folleto] /

Guardado en:
Formato: Libro
Publicado: Buenos Aires : Servicio Meteorol¢gico Nacional, 0
Etiquetas: Agregar Etiqueta
Sin Etiquetas, Sea el primero en etiquetar este registro!
LEADER 00390nam a22001335a 4500
001 CEM.cems010314
005 20060214000000.0
008 130507b######################000#0#####d
003 CEMS
082 0 4 |a F574.5 
245 0 0 |a Ozono atmosferico [folleto] / 
260 |a Buenos Aires :  |b Servicio Meteorol¢gico Nacional, 0 
300 |a 19 p.1 
859 |a CEMS  |b BIB. CEMS - 11 de abril  |h F574.5  |i 13-5  |p 1689.44  |t Ej.1